Proposed amendments to the Constitution of the United States of America.

Bibliographic Details
Corporate Authors: United States. Congress. Senate. Office of the Secretary, ProQuest (Firm)
Format: eBook
Language:English
Published: Washington : [publisher not identified], 1969.
Series:United States congressional serial set.
Subjects:
Online Access:Connect to the full text of this electronic book

MARC

Tag First Indicator Second Indicator Subfields
LEADER 00000cam a22000001a 4500
001 in00003245113
005 20190403200856.0
006 m o d
007 cr un mmmapmmp
008 080708s1969 dcud o f000 0 eng d
035 |a cis2004283220 
040 |a UMI  |c UMI  |d UtOrBLW 
043 |a n-us--- 
099 |a ProQuest Serial Set Number 12840 S.doc.38 
110 1 |a United States.  |b Congress.  |b Senate.  |b Office of the Secretary. 
245 1 0 |a Proposed amendments to the Constitution of the United States of America. 
246 1 |a Proposed amendments to Constitution, January 9, 1963-Jan. 3, 1969 
264 1 |a Washington :  |b [publisher not identified],  |c 1969. 
300 |a 1 online resource. 
336 |a text  |b txt  |2 rdacontent 
337 |a computer  |b c  |2 rdamedia 
338 |a online resource  |b cr  |2 rdacarrier 
490 0 |a S.doc.38 
500 |a Record is based on bibliographic data in ProQuest U.S. Serial Set Digital Collection (last viewed July 2008). Reuse except for individual research requires license from ProQuest, LLC. 
510 3 |a ProQuest U.S. Serial Set Digital Collection 
500 |a Electronic resource. 
610 1 0 |a District of Columbia. 
650 0 |a Budget  |z United States. 
650 0 |a Citizenship. 
655 7 |a Electronic books.  |2 local 
710 2 |a ProQuest (Firm) 
830 0 |a United States congressional serial set. 
856 4 0 |u http://proxy.library.tamu.edu/login?url=http://congressional.proquest.com/congcomp/getdoc??SERIAL-SET-ID=12840+S.doc.38  |z Connect to the full text of this electronic book  |t 0 
999 |a MARS 
999 f f |s ce9e93ef-8b39-3b27-9d29-d9e228b02dd0  |i 2ae70b1d-2c5a-3294-8ffa-a72dfbe46777  |t 0 
952 f f |a Texas A&M University  |b College Station  |c Electronic Resources  |d Available Online  |t 0  |e ProQuest Serial Set Number 12840 S.doc.38  |h Other scheme 
998 f f |a ProQuest Serial Set Number 12840 S.doc.38  |t 0  |l Available Online